000 00248nam a22001217a 4500
008 170925b xxu||||| |||| 00| 0 eng d
041 _aeng
080 _a37
100 _a46
101 _aEDU
245 _aBODY LANGUAGE
_cFAST,J
942 _2udc
_cBK
999 _c29643
_d29643